We Wish You a Merry Christmas Lyrics - Statistics

General Stats
  • This quiz has been taken 126 times
  • The average score is 130 of 155
Answer Stats
Lyrics % Correct
a
100%
Christmas
100%
merry
100%
We
100%
we
100%
wish
100%
you
100%
and
99%
And
99%
happy
99%
new
99%
year
99%
to
82%
your
82%
bring
80%
go
77%
tidings
75%
Good
70%
kin
69%
So
61%
us
57%
some
55%
pudding
54%
figgy
53%
here
45%
it
41%
right
37%
won't
37%
until
34%
get
33%
Oh,
17%
No matching quizzes found
Score Distribution
Percent of People with Each Score
Percentile by Number Answered
Your Score History
You have not taken this quiz